LIBRARY ONLINE CATALOGUE

Introducing News Media (Record no. 17594)

MARC details
000 -LEADER
fixed length control field 00336nam a22001337a 4500
008 - FIXED-LENGTH DATA ELEMENTS--GENERAL INFORMATION
fixed length control field 190328b xxu||||| |||| 00| 0 eng d
020 ## - INTERNATIONAL STANDARD BOOK NUMBER
International Standard Book Number 8170004918
050 ## - LIBRARY OF CONGRESS CALL NUMBER
Classification number P96
Item number .A45 2006 c.1
100 ## - MAIN ENTRY--PERSONAL NAME
Personal name Ali, Amjad
245 ## - TITLE STATEMENT
Title Introducing News Media
260 ## - PUBLICATION, DISTRIBUTION, ETC. (IMPRINT)
Place of publication, distribution, etc. New Delhi
Name of publisher, distributor, etc. Ess Ess publications
Date of publication, distribution, etc. 2006
300 ## - PHYSICAL DESCRIPTION
Extent 253p.
942 ## - ADDED ENTRY ELEMENTS (KOHA)
Source of classification or shelving scheme Library of Congress Classification
Koha item type General Collection
Holdings
Withdrawn status Lost status Source of classification or shelving scheme Not for loan Home library Current library Date acquired Cost, normal purchase price Total Checkouts Full call number Barcode Date last seen Date last checked out Price effective from Koha item type
    Library of Congress Classification   Kabarak, Main Campus Kabarak, Main Campus 28/03/2019 2970.00 1 P96 .A45 2006 c.1 024373 08/04/2022 19/03/2022 28/03/2019 General Collection